Momentky z výstavy FINEX

Bibliographic Details
Main Authors: Berčíková, Eva (Author), Herzogová, Emília (Author)
Format: Article
Language:Slovak
ISSN:0862-9567
Subjects:

MARC

LEADER 00000nab a2200000 a 4500
001 vtls000528828
003 SK-MaSNL
005 20260303005852.0
008 140228c1994 xo 0 slo
015 |a SNBRB19rr/mm-uuuuu 
035 |a CL0528966 
040 |a SNKBUCL  |b slo  |c SNKBUCL  |e AACR2 
041 0 |a slo 
044 |a xo  |c SK 
080 |a 336:368:061.43  |2 1981 
080 |a 368  |2 1981 
100 1 |a Berčíková, Eva  |4 aut  |9 891423 
245 1 0 |a Momentky z výstavy FINEX  |c Eva Berčíková, Emília Herzogová 
650 0 7 |a finančníctvo  |2 snkbucl  |9 667 
650 0 7 |a bankovníctvo  |2 snkbucl  |9 2101 
650 0 7 |a poisťovníctvo  |2 snkbucl  |9 2517 
650 0 7 |a FINEX 1994, Banská Bystrica  |2 snkbucl  |9 986568 
655 7 |a články z novín a časopisov  |2 snkbucl  |9 267496 
700 1 |a Herzogová, Emília  |4 aut  |9 841541 
773 0 |t Hospodárske noviny  |g Č. 188 (30. 9. 1994), s. 4  |x 0862-9567 
850 |a Slovenská národná knižnica v Martine  |a MTA001 
852 |a SNK  |b KIS3GCP 
957 |a 5301 
958 |a RK 
992 |a RBX 
999 |c 1584556  |d 1586486